Normal view
MARC view
- Kohan, Walter Omar
Entry Nombre Personal
001 - NUMERO DE CONTROL
- campo de control: 46077
003 - IDENTIFICADOR DE NUMERO DE CONTROL
- campo de control: UPN
005 - FECHA Y HORA DE LA ÜLTIMA TRANSACCIÓN
- campo de control: 20220920132013.0
008 - DATOS DE LONGITUD FIJA
- campo de control de longitud fija: 220905|| aca||aabn | a|a d
040 ## - FUENTE DE CATALOGACIÓN
- Agencia original de catalogación: MX-MxUPN
- Lenguaje de catalogación: spa
- Agencia de transcripción: MX-MxUPN
100 1# - ENCABEZAMIENTO - NOMBRE PERSONAL
- Nombre personal: Kohan, Walter Omar
670 ## - FUENTE EN LA QUE SE LOCALIZARON DATOS
- Cita de la fuente: En la obra: La enseñanza de la filosofía con niños y adolescentes, 2016:
- Información localizada: portada (Walter Omar Kohan)
902 ## - CATALOGADOR
- Catalogador: NDAF/200922
